00541 a2200169 4500010001400000020001100014035001300025037001600038082000800054100002400062245006200086260005300148260005100201270006700252300003100319500002100350 aENG-88620 c150.00 aEN-72153 bDBAD / PUB14a881 aReddy, Duvvuri Rami1 aThe last farewell and other poems/cby Duvvuri Rami Reddy aNellorebDuvvuri Ramireddy Vignana Samithic2002 aHyderabadbVisalaandhra Publishing Housec2002 a4-1-433, Bank Street, Vignan Bhavan,bHyderabadcA.P.e500 001 axxviii, 52p. :c22cm (pbk) aIncludes index